| 000 | 00000nam 2200000zi 4500 |
| 001 | 9.896799 |
| 003 | CaOODSP |
| 005 | 20221107174422 |
| 006 | m o d f |
| 007 | cr |n |||||||| |
| 008 | 210222e197905##onca ob f000 0 eng d |
| 040 | |aCaOODSP|beng|erda|cCaOODSP |
| 041 | |aeng|afre |
| 043 | |an-cn--- |
| 086 | 1 |aCS11-510/1979-PDF |
| 100 | 1 |aRapport, David. |
| 245 | 10|aTowards a comprehensive framework for environmental statistics : |ba stress-response approach, 1979 = Projet d'établissement d'un système général d'information sur l'environnement au Canada : l'approche aggression-réaction, 1979 / |cby David Rapport and Anthony Friend. |
| 246 | 11|aProjet d'établissement d'un système général d'information sur l'environnement au Canada : |bl'approche agression-réaction, 1979 |
| 264 | 1|aOttawa : |bStatistics Canada, |cMay 1979. |
| 264 | 4|c©1979 |
| 300 | |a1 online resource (90 pages) : |billustrations. |
| 336 | |atext|btxt|2rdacontent |
| 337 | |acomputer|bc|2rdamedia |
| 338 | |aonline resource|bcr|2rdacarrier |
| 500 | |aDigitized edition from print [produced by Statistics Canada]. |
| 500 | |aIssued by Statistics Canada, Office of the Senior Adviser on Integration. |
| 504 | |aIncludes bibliographical references. |
| 546 | |aText in English and in French. |
| 650 | 0|aNature|xEffects of human beings on|zCanada. |
| 650 | 0|aHuman ecology|zCanada. |
| 650 | 0|aEnvironmental protection|zCanada|xPlanning. |
| 650 | 0|aEnvironmental indicators|zCanada. |
| 710 | 2 |aStatistics Canada, |eissuing body. |
| 792 | |tTowards a comprehensive framework for environmental statistics : |efre|w(CaOODSP)9.896805 |
| 856 | 40|qPDF|s38.77 MB|uhttps://publications.gc.ca/collections/collection_2021/statcan/CS11-510-1979.pdf |
| 986 | |a11-510 |